| 000 -CABECERA |
| campo de control de longitud fija |
01522nam a2200217 4500 |
| 005 - FECHA Y HORA DE LA ÚLTIMA TRANSACCIÓN |
| campo de control |
20210530133211.0 |
| 008 - DATOS DE LONGITUD FIJA--INFORMACIÓN GENERAL |
| campo de control de longitud fija |
210530s1918 pe |||fr|||| 001 0 spa d |
| 040 ## - FUENTE DE LA CATALOGACIÓN |
| Centro catalogador/agencia de origen |
CENDOC CAAAP |
| Lengua de catalogación |
spa |
| Centro/agencia transcriptor |
CAAAP |
| 041 ## - CÓDIGO DE LENGUA |
| Código de lengua del texto/banda sonora o título independiente |
spa |
| 050 ## - SIGNATURA TOPOGRÁFICA DE LA BIBLIOTECA DEL CONGRESO |
| Número de clasificación |
FP 356 |
| Número de documento/Ítem |
.H44 |
| 100 1# - ENTRADA PRINCIPAL--NOMBRE DE PERSONA |
| 9 (RLIN) |
3139 |
| Nombre personal |
Herrera, Renato E. |
| 245 1# - MENCIÓN DE TÍTULO |
| Título |
Leyendas y tradiciones de Loreto / |
| Mención de responsabilidad, etc. |
Renato E. Herrera |
| 250 ## - MENCIÓN DE EDICIÓN |
| Mención de edición |
1ra ed. |
| 260 ## - PUBLICACIÓN, DISTRIBUCIÓN, ETC. |
| Lugar de publicación, distribución, etc. |
Iquitos, |
| Fecha de publicación, distribución, etc. |
1918 |
| 300 ## - DESCRIPCIÓN FÍSICA |
| Extensión |
334 p. |
| 490 ## - MENCIÓN DE SERIE |
| Mención de serie |
(Biblioteca Loretana) |
| 505 ## - NOTA DE CONTENIDO CON FORMATO |
| Nota de contenido con formato |
Contiene : Prólogo del autor --Leyendas y tradiciones -- Las Amazonas en las leyenda y en la historia -- La fuente Cuyana -- El lago Rimachuma y el Apóstol San Bartolomé -- Origen de los barrancos de Moyobamba -- Las yatas ó Chuaras (diosas de las aguas) -- El país del Dorado -- Historia de dos pretensiones célebres en Maynas -- ¿Porqué en Maynas se conoce a las ratas con el nombre de bayamos? -- Un milagro de Santa Bárbara -- Un litigio ffamoso respecto de Maynas -- La leyenda del tabáco -- ¡Mejacca Morro! -- Filicia y el traidos -- Quien siembra puede cosechar Tarapota -- La virgen de nuestra señora de la Natividad de Tabalosos -- El espiritismo en el Oriente del Perú -- Hymnp á la palmera -- La soga arrastra -- La luna de miel en el Amazonas -- El señor de perdón de Moyobamba -- Historia de los nombres de algunos puertos fluviales de Loreto en la hoya amazónica peruana. |
| 650 10 - PUNTO DE ACCESO ADICIONAL DE MATERIA--TÉRMINO DE MATERIA |
| 9 (RLIN) |
1754 |
| Término de materia o nombre geográfico como elemento de entrada |
Tradición oral |
| Subdivisión geográfica |
Amazonía |
| 650 20 - PUNTO DE ACCESO ADICIONAL DE MATERIA--TÉRMINO DE MATERIA |
| 9 (RLIN) |
3104 |
| Término de materia o nombre geográfico como elemento de entrada |
Cuentos |
| Subdivisión geográfica |
Perú |
| -- |
Loreto (Departamento) |
| 942 ## - ELEMENTOS PERSONALIZADOS KOHA |
| Fuente del sistema de clasificación o colocación |
|
| Fecha de catalogación |
30 - 05 - 21 |
| Tipo de ítem Koha |
Libros |